logo

Bir Sreshtho Munshi Abdur Rouf Library
Jhenaidah Cadet College

Classical electrodynamics / (Record no. 8330)

MARC details
000 -LEADER
fixed length control field 00863cam a2200313 a 4500
001 - CONTROL NUMBER
JCCL Control Number 8330
003 - CONTROL NUMBER IDENTIFIER
JCCL marc code BD-JhCC
005 - DATE AND TIME OF LATEST TRANSACTION
control field 20180712122330.0
008 - FIXED-LENGTH DATA ELEMENTS--GENERAL INFORMATION
fixed length control field 010412s1998 gw b 001 0 eng
020 ## - INTERNATIONAL STANDARD BOOK NUMBER
International Standard Book Number 9971512505
035 ## - SYSTEM CONTROL NUMBER
system control number (BD-JhCC)8330
040 ## - CATALOGING SOURCE
Original cataloging agency DLC
Transcribing agency DLC
Modifying agency DLC
-- BD-JhCC
041 ## - LANGUAGE CODE
Language code of Book eng
050 00 - LIBRARY OF CONGRESS CALL NUMBER
Classification number QC174.12
Item number .D59 2001
082 00 - DEWEY DECIMAL CLASSIFICATION NUMBER
Classification number 530.12
DDC Edition number 21
Author mark and Year JAC 1998
100 1# - MAIN ENTRY--PERSONAL NAME
Personal name Jackson, John David
245 10 - TITLE STATEMENT
Title Classical electrodynamics /
Statement of responsibility, etc J.D. Jackson
250 ## - EDITION STATEMENT
Edition statement 3rd ed.
260 ## - PUBLICATION, DISTRIBUTION, ETC. (IMPRINT)
Place of publication, distribution, etc Berlin ;
-- New York :
Name of publisher, distributor, etc Springer,
Date of publication, distribution, etc 1998
300 ## - PHYSICAL DESCRIPTION
Pagination 808 p. :
Dimensions 22 cm.
Other physical details ill. ;
440 #0 -
Title Advanced texts in physics,
504 ## - BIBLIOGRAPHY, ETC. NOTE
Bibliography, etc Includes bibliographical references and index.
650 #0 - SUBJECT ADDED ENTRY--TOPICAL TERM
Topical term or geographic name as entry element Quantum theory.
650 #0 - SUBJECT ADDED ENTRY--TOPICAL TERM
Topical term or geographic name as entry element Nonlinear theories.
650 #0 - SUBJECT ADDED ENTRY--TOPICAL TERM
Topical term or geographic name as entry element Hamiltonian systems.
650 #0 - SUBJECT ADDED ENTRY--TOPICAL TERM
Topical term or geographic name as entry element Path integrals.
942 ## - ADDED ENTRY ELEMENTS (KOHA)
Source of classification or shelving scheme Dewey Decimal Classification
Koha item type Books
Holdings
Source of classification or shelving scheme Damaged status Not for loan Home library Current library Shelving location Total Checkouts Full call number Barcode Date last seen Copy number Koha item type
Dewey Decimal Classification     JCC Rouf Library JCC Rouf Library General Stacks   530.12 JAC 1998 10793 02/22/2018 C - 1 Books

JCC Library | Contacts | JCC Home

Last Update on 23 September 2017
Copyright @ 2017-2020 JCC Rouf Library
Rouf Library, Jhenidah Cadet College (JCC), Bangladesh